Catálogo
 En Linea

Comentario lingüístico de textos orales. : (Registro nro. 40079)

Detalles MARC
000 -CABECERA
campo de control de longitud fija 00751nam a2200205 a 4500
001 - NÚMERO DE CONTROL
campo de control 000040589
005 - FECHA Y HORA DE LA ÚLTIMA TRANSACCIÓN
campo de control 20201002034233.0
008 - DATOS DE LONGITUD FIJA--INFORMACIÓN GENERAL
campo de control de longitud fija 130902s1997 sp 000 0 spa d
020 ## - NÚMERO INTERNACIONAL ESTÁNDAR DEL LIBRO
Número Internacional Estándar del Libro 847635259X
040 ## - FUENTE DE LA CATALOGACIÓN
Centro catalogador/agencia de origen DO-SdBNP
Lengua de catalogación spa
Centro/agencia transcriptor BNPHU
082 ## - NÚMERO DE LA CLASIFICACIÓN DECIMAL DEWEY
Número de clasificación XXXX
-- xxx
100 1# - ENTRADA PRINCIPAL--NOMBRE DE PERSONA
Nombre de persona Cortés Rodríguez, Luis
9 (RLIN) 66919
245 10 - MENCIÓN DE TÍTULO
Título Comentario lingüístico de textos orales. :
Resto del título II. el debate y la entrevista /
Mención de responsabilidad, etc. Luis Cortés Rodríguez; Antonio-M Bañón Hernández.
260 ## - PUBLICACIÓN, DISTRIBUCIÓN, ETC.
Lugar de publicación, distribución, etc. Madrid, :
Nombre del editor, distribuidor, etc. Arco,
Fecha de publicación, distribución, etc. 1997.
300 ## - DESCRIPCIÓN FÍSICA
Extensión 77 pag. ;
Dimensiones 22 cm.
490 1# - MENCIÓN DE SERIE
Mención de serie cuadernos de lengua española
500 ## - NOTA GENERAL
Nota general incluye datos biográficos de los autores en la contracubierta
700 1# - PUNTO DE ACCESO ADICIONAL--NOMBRE DE PERSONA
Nombre de persona Bañon Hernández, Antonio-M
9 (RLIN) 66920
830 #0 - PUNTO DE ACCESO ADICIONAL DE SERIE-TÍTULO UNIFORME
Título uniforme Cuadernos de lengua española
9 (RLIN) 66921
Existencias
Estado de retiro Estado de pérdida Restricciones de uso No para préstamo Código de colección Localización permanente Ubicación/localización actual Ubicación en estantería Fecha de adquisición Número de inventario Total de préstamos Signatura topográfica completa Código de barras Fecha visto por última vez Precio válido a partir de Tipo de ítem Koha
      Excluido de préstamo Monografías: Libros y Folletos General General En catalogación 02.09.2013 LF1   XXXX 40589-10 25.06.2020 25.06.2020 No se presta

Con tecnología Koha